Statistics for Guess That WWE Superstar

Click here to take the quiz!

General Stats

  • This quiz has been taken 1,343 times
  • The average score is 10 of 20

Answer Stats

Hint Answer % Correct
YES YES YESDaniel Bryan
82%
S.A.W.F.TEnzo Amore
78%
Beat Undertaker At WrestlemaniaBrock Lesnar
77%
Here Comes the MoneyShane Mcmahon
77%
BOlieveBo Dallas
73%
Made women wrestling history with BayleySasha Banks
71%
Father of cody rhodesDusty Rhodes
70%
New Day member, plays the tromboneXavier Woods
69%
Leader of Nexus, buried by CenaWade Barrett
62%
First ever NXT championSeth Rollins
60%
First Undisputed ChampionChris Jericho
51%
WCW legend never won at a WWE PPVSting
46%
#3 in 2016 Royal RumbleAj Styles
43%
from Ayr ScotlandDrew Mcintyre
32%
Failed NXT superstar now on CommentaryByron Saxton
29%
British retired wrestler never won WWE titleWilliam Regal
21%
Guy always seen with coffeeDavid Otunga
16%
The greatest man that ever livedAustin Aries
13%
Inducted into 20l6 Hall of Fame (BBM)Big Boss Man
12%
Had a kinda racist gimmickMuhammed Hassan
1%

Score Distribution

Percentile by Number Answered

Percent of People with Each Score

Your Score History

You have not taken this quiz